000 01266ntaaa2200217 4500
003 01
005 20251027203336.0
008 0714s1973 ag 01
040 _aAR-BaBN
_bspa
_cAR-BaBN
_eaacr
_dRIC
100 _aMozart, Wolfgang Amadeus
_d1756-1791
245 _aPequeña serenata nocturna en sol mayor K. 525 ; Quinteto en mi bemol mayor K. 614 /
_cWolfgang Amadeus Mozart
260 _aBuenos Aires :
_bViscontea [distribuidor],
_cc1979
300 _a1 disco son. (40 min., 40 seg.) ;
_canalógico, 33 1/3 rpm, estereo ; 12 plg.
490 _aLos grandes músicos ;
_v22
500 _aG. Pichler, M. Kishibe, K. Mätzl, H. Wellert, Th. Kakuska, J. Geise, I. Schuster, P. Katt, violines ; H. Beyerle, W. Blowsky, violas ; D. Gahl, W. Tachezi, violoncelos ; H. Schneikart, contrabajo ; Orquesta Die Wiener Solisten, Wilfried Boettcher, director
500 _aFranco Fantini, Bruno Salvi, violines ; Tomaso Valdinoci, Marcello Turio, violas ; Mario Gusella, violoncelo ; Quinteto "Guido Cantelli" de la Orquesta del Teatro alla Scala de Milán
500 _aFabricado por: CBS. a) Registro original Amadeo-Viena con licencia de Discos Ricordi. b) Registro F.E.
500 _aDuraciones: 18 min., 20 seg. ; 22 min., 20 seg.
650 _aMUSICA
942 _cBK
999 _c28940
_d28940